000 00768nam a2200253 i 4500
001 12672
003 ES-MaACL
005 20250807012652.0
007 t|
008 000000s1982 sp a |||| | spa j
020 _a84-300-8142-9
080 _a916.49
100 1 _aCoquet, Adolphe.
_940435
245 1 4 _aUna excursión a las Islas Canarias /
_cAdolphe Coquet ; traductor, José A. Delgado Luis.
250 _a1ª ed. en español.
260 _aLa Orotava, Tenerife :
_bJ.A. Delgado,
_c1982.
300 _a69 p. :
_bil. ;
_c21 cm.
490 1 _aA través del tiempo ;
_v3
650 7 _a
_2
_9241617
700 1 _aDelgado Luis, José A.
_943466
830 0 _aA través del tiempo ;
_v3
_9228323
852 _aES-MaACL
_jL-20110
999 _c12672
_d12672